| 000 | 00432nam a2200181Ia 4500 | ||
|---|---|---|---|
| 005 | 20250423094407.0 | ||
| 008 | 250422s9999 xx 000 0 und d | ||
| 020 | _a9789780693602 | ||
| 050 | _aPR 9387 .C53/ | ||
| 100 | _aClark, J P | ||
| 245 | 0 | _aAll for Oil | |
| 260 | _aIbadan | ||
| 260 | _bUniversity press Ltd | ||
| 260 | _c2009 | ||
| 300 | _a77 p | ||
| 650 | _aNigeria --Politics and government --Drama. | ||
| 942 | _cBK | ||
| 999 |
_c27105 _d27105 |
||